Statistics for European Countries by First 2 Letters - 30 Second Sprint

Click here to take the quiz!

General Stats

  • This quiz has been taken 1,867 times
  • The average score is 33 of 45

Answers on the Map

Answers color-coded by a green-red scale on the quiz's map according to % correct below.
 

Answer Stats

country% Correct
Sweden
94%
Switzerland
94%
Poland
93%
Portugal
93%
France
91%
Spain
91%
Norway
90%
Germany
89%
Ireland
89%
Iceland
88%
Russia
88%
Italy
87%
United Kingdom
87%
Belarus
86%
Belgium
86%
Ukraine
86%
Finland
85%
Liechtenstein
80%
Lithuania
80%
Moldova
75%
Monaco
75%
Montenegro
75%
Denmark
73%
Latvia
73%
Netherlands
72%
Estonia
70%
Greece
66%
Romania
65%
Slovakia
63%
Slovenia
63%
Andorra
61%
Luxembourg
61%
Macedonia
61%
Malta
61%
Austria
59%
Bulgaria
59%
Czechia
59%
Vatican City
57%
San Marino
56%
Serbia
55%
Albania
51%
Hungary
50%
Bosnia and
Herzegovina
48%
Croatia
48%
Kosovo
40%

Score Distribution

Percentile by Number Answered

Percent of People with Each Score

Your Score History

You have not taken this quiz